• 首页
  • 本馆介绍
  • 公告通知
  • 最新文献
  • 馆藏检索
  • 电子资源
  • 读者导购
  • 参考咨询
  • 我的图书馆
  • 登录
  • 详细信息显示
  • 放入我的书架
  • 预约/预借图书
  • 作者相关作品
  • 分类相关作品
  • 丛书相关作品
  • 出版社相关作品

书目信息

  • 表格格式
  • 工作单格式
  • 卡片格式
题名:
软集与犹豫模糊集理论及其在决策中的应用
    
 
作者: 周小强 , 王春勇 勇著
分册:  
出版信息: 西安   西安交通大学出版社  2018.09
页数: 188页
开本: 24cm
丛书名:
单 册:
中图分类: O144 , O157.5
科图分类:
主题词: 集论--ji lun , 图论--tu lun
电子资源:
ISBN: 978-7-5693-0941-6
000 01245nam0 2200265 450
001 0109110203
005 20201109110338.0
010    @a978-7-5693-0941-6@dCNY98.00
100    @a20181120e20202019em y0chiy0110 ea
101 0  @achi
102    @aCN@b610000
105    @ay z 000yy
106    @ar
200 1  @a软集与犹豫模糊集理论及其在决策中的应用@Aruan ji yu you yu mo hu ji li lun ji qi zai jue ce zhong de ying yong@f周小强, 王春勇著
210    @a西安@c西安交通大学出版社@d2018.09@h2020.07
215    @a188页@d24cm
330    @a本书主要介绍三个方面的内容:一是犹豫模糊软集、广义区间值模糊软集和广义直觉模糊软集等几个混合软集模型及其在决策中的应用;二是一些犹豫模糊集的距离和相似性测量及其在决策中的应用;三是一系列的犹豫模糊聚集算子,包括犹豫模糊Einstein几何算子、犹豫模糊Einstein有序加权几何算子、广义犹豫模糊Einstein优势加权平均算子、广义犹豫模糊Einstein优势加权几何算子、对偶犹豫模糊广义聚集算子和Bonferroni的三角犹豫模糊聚集算子等,并基于这些算子分别提出了相应的多属性决策方法。
606 0  @a集论@Aji lun
606 0  @a图论@Atu lun
690    @aO144@v5
690    @aO157.5@v5
701  0 @a周小强@Azhou xiao qiang@4勇著
701  0 @a王春勇@Awang chun yong@4著
801  0 @aCN@bBJSZM@c20201103
905    @b1240342-4@dO144@e133@f3
    
    软集与犹豫模糊集理论及其在决策中的应用/周小强, 王春勇著.-西安:西安交通大学出版社,2018.09(2020.07)
    188页;24cm
    
    
    ISBN 978-7-5693-0941-6:CNY98.00
    本书主要介绍三个方面的内容:一是犹豫模糊软集、广义区间值模糊软集和广义直觉模糊软集等几个混合软集模型及其在决策中的应用;二是一些犹豫模糊集的距离和相似性测量及其在决策中的应用;三是一系列的犹豫模糊聚集算子,包括犹豫模糊Einstein几何算子、犹豫模糊Einstein有序加权几何算子、广义犹豫模糊Einstein优势加权平均算子、广义犹豫模糊Einstein优势加权几何算子、对偶犹豫模糊广义聚集算子和Bonferroni的三角犹豫模糊聚集算子等,并基于这些算子分别提出了相应的多属性决策方法。
●
相关链接 在E读中查询图书 在五车中查询图书 在当当中查询图书 在豆瓣中查询图书


正题名:软集与犹豫模糊集理论及其在决策中的应用     索取号:O144/133         预约/预借

序号 登录号 条形码 馆藏地/架位号 状态 备注
1 1240342   212403424   第二样本阅览室/ [索取号:O144/133] 在馆    
2 1240343   212403433   第三借阅区/ [索取号:O144/133] 在馆    
3 1240344   212403442   第三借阅区/ [索取号:O144/133] 在馆    
唐山师范学院图书馆 欢迎您!
大连网信软件有限公司© 版权所有